Antología de la Prosa en Lengua Española (Siglo XIX) /

保存先:
書誌詳細
第一著者: Mejía Sánchez, Ernesto (autor)
フォーマット: 図書
言語:スペイン語
出版事項: México : UNAM, 1972
主題:
タグ: タグ追加
タグなし, このレコードへの初めてのタグを付けませんか!

MARC

LEADER 00000nam^a2200000^a^4500
001 000017884
005 20250521000000.0
009 20260310084155.318
037 |a Acervo ITESO - Biblioteca 
041 |a ESP 
082 |a 860. 09  |b MEJ 
100 |a Mejía Sánchez, Ernesto  |e (autor) 
245 1 0 |a Antología de la Prosa en Lengua Española (Siglo XIX) /  |c E. Mejía Sánchez 
264 1 |a México :  |b UNAM,  |c 1972 
300 |a 217 p. 
336 |a texto  |b txt  |2 rdacontenido 
337 |a sin mediación  |b n  |2 rdamedio 
338 |a volumen  |b nc  |2 rdasoporte 
649 |a XX 
650 |a Literatura Española -  |y Siglo XIX 
650 |a Literatura Española -  |y Siglo XIX 
910 |a Fondo General 
920 |a Impresos - Libros 
930 |a Colección General 
940 |a Literatura 
905 |a 101 
901 |a 0178840100  |b IT1  |c LIT  |i 017884  |u 20250521 
902 |a https://opac.biblio.iteso.mx/vufind/Record/000017884